LEADER 01094nam a2200265 i 4500 001 991000166029707536 008 020 $a9788806155018 035 $ab14436486-39ule_inst 040 $aDip.to di Storia, Società e Studi sull'Uomo$bita 082 04$a338.094 100 1 $aLandes, David S.$0437839 240 10$aThe unbound Prometeus$919832 245 10$aPrometeo liberato :$btrasformazioni tecnologiche e sviluppo industriale nell'Europa occidentale dal 1750 ai giorni nostri /$cDavid S. Landes 260 $aTorino :$bG. Einaudi,$c[2000] 300 $aX, 751 p. ;$c20 cm 490 0 $aPiccola biblioteca Einaudi. Nuova serie ;$v45 500 $aTrad. di Valerio Grisoli, Franco Salvatorelli 650 4$aEuropa$xIndustrializzazione 907 $a.b14436486$b02-05-22$c02-05-22 912 $a991000166029707536 945 $aLE023 338.094 LAN 1 1$g1$i2023000283509$lle023$og$pE28.00$q-$rl$s- $t0$u0$v0$w0$x0$y.i1600842x$z02-05-22 996 $aThe unbound Prometeus$919832 997 $aUNISALENTO 998 $ale023$b02-05-22$cm$da $e-$fita$git $h0$i0 LEADER 00673nac# 22001811i 450 001 UON00507889 005 20231205105443.837 100 $a20220308f |0itac50 ba 102 $aIT 105 $a|||| ||||| 110 $ab|||||||||| 200 1 $aHeRMeS 210 $a Roma$cL'Erma di Bretschneider 463 1$1001UON00507290$12001 $aˆLa ‰scoperta dell'antico in Campania tra Settecento e Ottocento$el'archeologia come fondamento scientifico dell'architettura moderna$fFabio Mangone$1210 $aRoma$cL'Erma di Bretschneider$d2021$1215 $a1 risorsa online (140 p.)$v2 801 $aIT$bSOL$c20240220$gRICA 912 $aUON00507889 996 $aHERMES$9459101 997 $aUNIOR